00576nam a22001697a 450000500170000001000240001702000260004103500240006703700130009108200120010424500820011626000400019827001080023830000240034650000180037070000180038820230622160344.0 aB-125747 ENG-137161 c800.00a9788193555439 aEN-109279 EN-120693 bDBAD/PUB a355.954 aIndia's evolving National security agenda:bby Harsh V.PantcModi and beyond/ aNew DelhibKonark Publishers c2016 a206, first floor, Peacock lane, Shahpur Jat,bNew Delhie110049k9355293900mindia@konarkpublishers.com axxi,186p.c24cm(Hb) ainclude index aHarsh V. Pant